Регионална библиотека "Любен Каравелов" - Русе

Избрани произведения (Запис номер 165107)

MARC детайли
000 -Лидер
Контролно поле с фиксирана дължина 01771nam a2200349 c 4500
003 - Код на организацията, давaща контролен номер
Контролно поле BLK
005 - Дата и час на последна редакция
Контролно поле 20180422114032.0
008 - Елементи от данни с фиксирана дължина
fixed length control field 180410b bul|||||r ||||||| ||bul||
010 ## - Наследен системен номер
LC control number KNG00172685000
040 ## - Източник на каталожния запис
Идентификатор на билиотеката - собственик на записа BLK
041 ## - Код за език
Код за езика на текст/звукозапис или на отделно заглавие Български
Код за езика КДБФ Български
080 ## - УДК
Текстов определител УДК Руска литература
УДК код - определител по УДК 821.161.1
УДК определител (081.2)
УДК - код + определител 821.161.1(081.2)
080 ## - УДК
Текстов определител УДК Руска литература
УДК код - определител по УДК 821.161.1
УДК определител -32
УДК - код + определител 821.161.1-32
080 ## - УДК
Текстов определител УДК Руска литература
УДК код - определител по УДК 821.161.1
УДК определител -31
УДК - код + определител 821.161.1-31
100 1# - Редна дума - Автор
Автор Грин, Александър Степанович
Авторска отговорност първи автор
R(LIN) 328218
139 ## - Редно поле
Редна дума Грин, Александър Степанович
Авторски знак Грин - Г 84
245 10 - Сведения за заглавието
Заглавие Избрани произведения
Подзаглавни данни Т. 1 - 2 За том: Повест
Редно поле (дума) Александър Степанович Грин; с предг. от Константин Георгиевич Паустовски; прев. на том Илиана Владова; съавт. на том Елка Хаджиева.
Том Т. 1
Заглавие на том Корабът с алените платна
257 ## - Страна на издаване
Страна на създаване/издаване СССР
260 ## - Област на издателските данни
-- София
Име на издателя, разпространителя и проч. Нар. младеж
Година на издаване 1978 -
300 ## - Физическа характеристика
Размери/Мащаб 21 см
380 ## - Жанр
Жанр Худож. лит.
505 ## - Форматирана забележка
Подзаглавни данни Роман
Авторската отговорност
Заглавие Бягаща по вълните
700 1# - Други автори (авторска отговорност)
Лично име Паустовски, Константин Георгиевич
Автороска отговорност (Описва отношението между автора и произведението) с предг. от
9 (RLIN) 107312
700 1# - Други автори (авторска отговорност)
Лично име Владова, Илиана
Автороска отговорност (Описва отношението между автора и произведението) прев. на том
9 (RLIN) 379807
700 1# - Други автори (авторска отговорност)
Лично име Хаджиева, Елка
Автороска отговорност (Описва отношението между автора и произведението) съавт. на том
9 (RLIN) 367886
760 1# - Описание на основната серия
Редна дума на основното описание Грин, Александър Степанович
Страници - том 312 с.
Заглавие Т. 1 Корабът с алените платна
852 ## - Местоположение
Форматна сигнатура Цб 94978
856 4# - Електронен адрес и достъп
Електронен формат pdf - файл
Път до файла /url/
856 4# - Електронен адрес и достъп
Електронен формат pdf - файл
Път до файла /url/
942 ## - АРТИКУЛИ
Вид на библиотечния материал Книги
Скрит в OPAC Не
944 ## - СЪЗДАВАНЕ И РЕДАКЦИЯ на ЗАПИСА
Създаване/Редакция Създаване
Дата на регистрацията/редакция 09.03.2015
Служител, извършил регистрацията/редакцията Теодора_Стоянова
944 ## - СЪЗДАВАНЕ И РЕДАКЦИЯ на ЗАПИСА
Създаване/Редакция Редакция
Дата на регистрацията/редакция 09.03.2015
Служител, извършил регистрацията/редакцията Теодора_Стоянова
999 ## - СИСТЕМНИ КОНТРОЛНИ НОМЕРА
Koha biblionumber 165107
Koha biblioitemnumber 165107
Наличности
Код за отписване Код за изгубен артикул Източник на класификационната схема Код за повреда Коз за рестрикции Код за отдаване Артикулен № Име на библиотеката - собственик Име на библиотеката, в която се намира в момента Статус (Текущо местоположение) Дата на вписване в системата Местоположение - отдел Цена в лева Инвентарен номер Систематично азбучна сигнатура Баркод Номер на екземпляра Цена в евро Служебна бележка Служебен тип на артикула
  Не е изгубен Universal Decimal Classification Не е повреден само за читалня ползва се в читалня 278276 Регионална библиотека "Любен Каравелов" Русе Регионална библиотека "Любен Каравелов" Русе Хранилище 1978-01-01 Хранилище 1.53 268804 Цб 94978 120000268804 1 0.78 Дост: Dp Вид: Сф N: стар фонд Дата: 01.01.1978 Книги
Изтеглен Не е изгубен Universal Decimal Classification Не е повреден без рестрикции заемане за дома 278277 Регионална библиотека "Любен Каравелов" Русе Регионална библиотека "Любен Каравелов" Русе Заемна - подръчен фонд 1978-01-01 Заемна - подръчен фонд 1.53 269599 П 882(081)/Г 84 269599 2 0.78 Дост: Pk Вид: Сф N: стар фонд Дата: 01.01.1978 Книги
  Не е изгубен Universal Decimal Classification Не е повреден без рестрикции заемане за дома 278278 Регионална библиотека "Любен Каравелов" Русе Регионална библиотека "Любен Каравелов" Русе Детски отдел 1978-01-01 Детски отдел 1.53 269603 ДХ 820/899/Г 84 120000269603 3 0.78 Дост: Pk Вид: Сф N: стар фонд Дата: 01.01.1978 Дата инв: 18.09.2015 Бележки инв: Д2015 Книги
Vip Innovations Ltd, Rousse, Bulgaria 2025